000 02536ngm a22003970a 4500
001 PT47238
003 AR-LpoUNG
005 20210202000008.0
007 vd cvaizq
008 191001s2008||||ag |||||||||||||||||ita d
040 _aAR-LpoUNG
_bspa
_cAR-LpoUNG
_eaacr
041 _aita
_aeng
_aspa
044 _aag
082 0 _a303.64 792dja
100 1 _aCorbucci, Sergio
_edir.
245 1 0 _aDjango
260 _aSan Luis :
_bAVH,
_c2008.
300 _aDVD (88 min.) : son., col.
505 0 _aHecha en 1966. Subtitulada en castellano. Protagonistas: Franco Nero, Loredana Nusciak, José Bódalo, Angel Alvarez, Eduardo Fajardo. Música: Luis Enríquez Bacalov.
520 _aEn un desértico paisaje de la frontera mexicana, una joven mujer, María es azotada por un grupo de hombres. Aparece un extraño personaje que arrastra un ataúd y dice llamarse Django. Django rescata a María y descubre que en la zona se enfrentan dos bandas rivales que luchan entre sí para obtener la supremacía de la comarca: la del mayor Jackson, un estadounidense, fanático racista cercano al Ku Klux Klan, y la del general Hugo Rodríguez, mexicano y revolucionario. Django, aprovechando el elemento sorpresa, combate contra los esbirros del mayor Jackson , dejándolos casi diezmados, y se alía con el general Hugo Rodríguez para dar un golpe que les reportará mucho oro a ambos. Sin embargo, Django trata de quedarse con todo el oro, por lo que es perseguido, resultando el oro perdido en unas arenas movedizas. Es capturado y torturado por el general Rodríguez, quedando con sus manos aplastadas por los cascos de los caballos que le pasan por encima, según las órdenes del general Rodríguez. Sorpresivamente aparece el mayor Jackson, esta vez acompañado de soldados mexicanos, y terminan con las tropas irregulares del general Rodríguez. Django tendrá que enfrentarse a Jackson en un dramático duelo en un cementerio. Con su pistola reacondicionada, adaptada a sus manos aplastadas, logra eliminar a los asesinos de su esposa, vengándose, lo que era el motivo real de su presencia en la región; apoyándose en la lápida de su tumba ubicada en el mismo cementerio.
650 4 _aFUERZAS ARMADAS
650 4 _aGUERRA CIVIL
650 4 _aJUSTICIA
650 4 _aMEXICO
650 4 _aOESTE
650 4 _aORO
650 4 _aREVOLUCION
651 4 _aMéxico
653 _aACCION
653 _aCINE ITALIANO
653 _aDVD
653 _aVIDEOS
653 _aWESTERN
905 _a47238
942 _cDVD
999 _c53934
_d53934